00619nam a2200169 a 4500001001000000003000900010005001700019007000300036008004100039040002500080082001600105110009800121245007500219260003800294300001900332710009800351000031646DO-SdBNP20250607073643.0ta110629s197u dr 000 0 spa d aDO-SdBNPbspacBNPHU axxxxbC397n1 aRepública Dominicana. b Secretaria de Estado de Salud Pública y Asistencia Social (2001)10aCentro nacional de documentación y educación en salud :cCENADES / aSanto Domingo :bSESPAS,c[197u]? a7 p. ;c22 cm.1 aRepública Dominicana. b Secretaria de Estado de Salud Pública y Asistencia Social (2001)